000 00594nam a2200253Ia 4500
005 20260121153902.0
008 008 260114s9999 xx 000 0 eng d
020 _a9780429267741
037 _aEBOOK
040 _aCRL
040 _beng
040 _cCRL
041 _2eng
041 _aeng
084 _qCRL
100 _aJames T Fawcett
_91000335
245 0 _aWomen In The Cities Of Asia
260 _bTaylor and Francis
260 _c1984
856 _uhttp://www.taylorfrancis.com/books/9780429267741
942 _cEBOOK
999 _c1567156
_d1567156